000 00263nam a22001097a 4500
082 _a621.37 CAR'I
100 _aCARROLL, G. C
_977915
245 _aINDUSTRIAL PROCESS MEASURING INSTRUMENTS
260 _aNEWYORK
_bMCGRAW HILL
_c1962
300 _a454P
942 _cBK
999 _c583094
_d583094